000 00912cam a22002291i 4500
003 SA-RiAUC
005 20260315142237.0
008 260303q19001999||| f 000 0 ara c
040 _aEG-CaDAJ
_bara
_cSA-RiAUC
_erda
082 0 4 _a610.76
090 _aم ن 610.76
_bا ب ن ص
100 1 _aابن الصديق، عبد الله بن محمد،
_d1910-1993
_eمؤلف.
245 1 0 _aأجوبة هامة في الطب /
_cعبد الله بن محمد بن الصديق الغماري.
264 1 _a[مكان النشر غير محدد] :
_bعلي رحمي،
_c[بين 1900 و1999]
300 _a16 صفحة؛
_c29 سم.
336 _aنص
_btxt
_2rdacontent
_3كتاب
337 _aبدون وسيط
_bn
_2rdamedia
338 _aمجلد
_bnc
_2rdacarrier
650 7 _aالطب
_vاختبارات، أسئلة، إلخ.
_2aucsh
942 _2ddc
_cRBOOK COPY
_n0
949 _aSA-JeALM
_d260303
_umohamedma123
_n1
999 _c14609
_d14609